Лексико-семантичне поле прикметників позитивних емоцій в творі М.Мітчелл "Віднесені вітром" (Запис № 284225)

МАРК-запис
000 -LEADER
fixed length control field 01360nam a22001577a 4500
041 ## - LANGUAGE CODE
Language code of text/sound track or separate title ukr
080 ## - UNIVERSAL DECIMAL CLASSIFICATION NUMBER
Universal Decimal Classification number 09
090 ## - LOCALLY ASSIGNED LC-TYPE CALL NUMBER (OCLC); LOCAL CALL NUMBER (OCLC)
Local cutter number (OCLC) ; Book number/undivided call number, CALL (RLIN) КРА
100 ## - MAIN ENTRY--PERSONAL NAME
Personal name Кравчук С.О.
245 ## - TITLE STATEMENT
Title Лексико-семантичне поле прикметників позитивних емоцій в творі М.Мітчелл "Віднесені вітром"
260 ## - PUBLICATION, DISTRIBUTION, ETC. (IMPRINT)
Place of publication, distribution, etc Острог
Name of publisher, distributor, etc КАФ
Date of publication, distribution, etc 2010
300 ## - PHYSICAL DESCRIPTION
Extent 41
520 ## - SUMMARY, ETC.
Summary, etc ВСТУП<br/>РОЗДІЛ 1 ТЕОРІЯ ЛЕКСИКО-СЕМАНТИЧНОГО ПОЛЯ<br/>1.1 Семантика як наука.<br/>1.2 Лексико-семантичне поле як структурний компонент та методи його дослідження.<br/>РОЗДІЛ 2 ЛЕКСИКО-СЕМАНТИЧНЕ ПОЛЕ ПРИКМЕТНИКІВ ПОЗИТИВНИХ ЕМОЦІЙ В ТВОРІ М. МІТЧЕЛЛ "вІДНЕСЕНІ ВІТРОМ".<br/>2.1 Поняття емоцій з точки зору психології та лінгвістики.<br/>2.2 Відображення ЛСП емоцій в лексикографічних джерелах.<br/>2.3 Лексико-семантичне поле прикметників позитивних емоцій в творі М.Мітчелл "Віднесені вітром".<br/>ВИСНОВКИ
-- ЛСП,М.Мітчелл
650 ## - SUBJECT ADDED ENTRY--TOPICAL TERM
Topical term or geographic name as entry element Research Papers
942 ## - ADDED ENTRY ELEMENTS (KOHA)
Koha item type Книги
Фонди
Withdrawn status Lost status Source of classification or shelving scheme Damaged status Not for loan Home library Current library Date acquired Source of acquisition Cost, normal purchase price Total Checkouts Full call number Barcode Date last seen Price effective from Koha item type
    Universal Decimal Classification     ВІЛ - Відділ іноземн. літератури НБ ВІЛ - Відділ іноземн. літератури НБ 16/04/2009 Акт №1 1.00   09 213862 20/12/2021 16/04/2009 Книги